Tough talking : how to handle awkward situations

Bibliographic Details
Main Author: Martin, David
Format: Book
Published: New Delhi : Universities Press (India) Pvt Ltd , 2007
Series:Management
Subjects:

MARC

LEADER 00000cam a2200000 7i4500
001 0000038258
005 20131106.0
008 131106
020 |a 8173712182 
090 0 0 |a 658.45   |b MAR 
100 1 |a Martin, David 
245 1 4 |a Tough talking :   |b how to handle awkward situations   |c David Martin 
260 |a New Delhi :   |b Universities Press (India) Pvt Ltd ,   |c 2007 
440 |a Management 
650 0 |a Business communication 
650 0 |a Communication in management 
999 |a 0001243020   |b Book   |c Adult Collection   |e Perbadanan Perpustakaan Awam Johor